000 00606nam a2200193 i 4500
001 95079
003 ES-MaACL
005 20230906181629.0
007 t|
008 050523s1922 fr ||||1| fre d
100 1 _aLumière, Auguste.
_974744
245 1 0 _aThéorique colloïdale de la biologie et de la pathologie /
_cAuguste Lumière.
260 _aParis :
_bChiron,
_c1922.
300 _aXIII, 203 p., 14 lám. ;
_c23 cm.
490 1 _aBibliothèque de synthèse scientifique
830 0 _aBibliothèque de synthèse scientifique
_9184354
852 _aES-MaACL
_jB-11213
999 _c95079
_d95079